| 000 | 01719 a2200217 4500 | ||
|---|---|---|---|
| 001 | 15190 | ||
| 005 | 20260407155449.0 | ||
| 008 | 260407a2012 arg spa d | ||
| 003 | AR-UNSa-BCEJYS | ||
| 040 |
_aAR-UNSa-BCEJYS _bspa _cAR-UNSa-BCEJYS |
||
| 080 |
_a342(09) _xHistoria Constitucional |
||
| 245 | 1 | 0 | _aLegitimidad democrática y valor del voto en Salta |
| 020 | _a978-987-1618-00-0 | ||
| 264 | 1 |
_aSalta : _bMundo Gráfico Salta _c2012 |
|
| 300 |
_a94 p. _c20 cm. |
||
| 505 | _a1. Prólogo - 2. Introducción - 3. Planteo del tema - 4. Origen histórico de los departamentos en Salta - 5. El sistema electoral de representación proporcional - 6. Las elecciones de 1983 con las reglas de la Constitución de 1929 - 7. La convención constituyente de 1986 - 8. La reforma constitucional de 1998 - 9. La enmienda constitucional del año 2003 - 10. La elección de convencionales constituyentes del año 2003 - 11. Consideraciones sobre un sistema que fabrica dos tercios de representación sin contar con esa cantidad de sufragios - 12. Algunos datos que demuestran como el sistema de representación vigente distorsiona la realidad demográfica de la Provincia de Salta - 13. ¿Es posible encontrar una solución que elimine las distorsiones y legitime la representación sin modificar el texto constitucional? - 14. Otros caminos posibles - 15. "Una persona, un voto de igual representatividad" en la jurisprudencia de la Suprema Corte de Justicia de Estados Unidos | ||
| 942 | _cBK | ||
| 590 | _aniveau_biblio:m niveau_hierar:0 | ||
| 100 | 1 | _aGómez Diez, Ricardo | |
| 856 | 4 | 1 |
_uhttps://biblioeco.unsa.edu.ar/pmb/images/libros/Legitimidad Democr?tica y Valor del Voto en Salta.jpg _yImagen de portada _qimage/jpeg |
| 999 |
_c638 _d638 |
||